| 000 | 02353cam a22004335i 4500 | ||
|---|---|---|---|
| 001 | 18929740 | ||
| 003 | PE-LiUPU | ||
| 005 | 20250731173556.0 | ||
| 008 | 160108s2016 gau 000 0 eng | ||
| 020 | _a9780884141303 | ||
| 040 |
_aPE-LiUPU _bspa _erda _cPE-LiUPU |
||
| 042 | _apcc | ||
| 082 |
_223 _a273.1 _bW723p |
||
| 100 | 1 |
_aWilliams, Frank. _etraductor |
|
| 245 | 1 | 4 |
_aThe Panarion of Epiphanius of Salamis : _bbook i (sects 1-46) / _cFrank Williams. |
| 250 | _aSegunda edición, revisada y ampliada | ||
| 263 | _a1601 | ||
| 264 | 1 |
_aAtlanta, GA : _bSBL Press, _c2016. |
|
| 300 |
_a404 páginas ; _c23 centímetros. |
||
| 336 |
_atext _btxt _2rdacontent |
||
| 337 |
_aunmediated _bn _2rdamedia |
||
| 338 |
_avolume _bnc _2rdacarrier |
||
| 505 | _aLetter of Acacius an Paul -- Proem I -- Anacephalaeosis I -- Proem II -- Barbarism -- Scythianism -- Hellenism -- Judaism -- Against Stoics -- Platonists -- Pythagoreans -- Epicureans -- Juadism, continued -- Against samaritans -- Against essenes -- Against Sebuaeans -- Against Gorothenes -- Against Dositheas -- Against Sadducees -- Against Scribes -- Against Pharisees -- -- Against Hemerobaptists -- Against Nasaraeans -- Against Ossaeans -- Against Herodians -- De incarnatione -- Anacephalaeosis II -- Against Simonians -- Against Menander -- Against Satornilus -- Against Basilides -- Against Nicolaitans -- Against Gnostics -- Against Carpocratians -- Against Cerinthians -- Against Nazoraeans -- Against Ebionites -- Against Valentinians -- Against Secundians -- Against Ptolemaeans -- Anacephalaeosis III -- Against Marcosians -- Against Colorbasians -- Against Heracleonites -- Against Ophites -- Against Cainites -- Against Sethians -- Against Archontics -- Against Cerdonians -- Against Marcionites -- Against Lucianists -- Against Apelleans -- Against Severians -- Against Tatianists. | ||
| 526 | _aSEG42 | ||
| 526 | _aSEG41 | ||
| 526 | _aSEG40 | ||
| 526 | _aSEG39 | ||
| 526 | _aP94 | ||
| 526 | _aP87 | ||
| 526 | _aP86 | ||
| 526 | _aP85 | ||
| 526 | _aP77 | ||
| 526 | _aP76 | ||
| 526 | _aP35 | ||
| 650 | 0 |
_aHerejías cristianas _xHistoria _yIglesia primitiva, aproximadamente 30-600 _9926 |
|
| 942 |
_2ddc _cBK _n0 |
||
| 999 |
_c61700 _d61700 |
||
| 980 |
_618226 _aJaime Vilcazán Jefe de Análisis Documental _81 _gALBERTO SANCHEZ Responsable de Automatización |
||